Normal view
MARC view
Entry Personal Name
001 - CONTROL NUMBER
- control field: 88794
003 - CONTROL NUMBER IDENTIFIER
- control field: dpl
005 - DATE AND TIME OF LATEST TRANSACTION
- control field: 20260327115716.0
008 - FIXED-LENGTH DATA ELEMENTS
- fixed length control field: 260327|| aca||aabn | a|a d
040 ## - CATALOGING SOURCE
- Original cataloging agency: dpl
- Transcribing agency: dpl
100 ## - HEADING--PERSONAL NAME
- Personal name: Nisbett J.Keith
670 ## - SOURCE DATA FOUND
- Source citation: Work cat.: (dpl)215781: Nisbett J.Keith , SHIGLEY'S MECHANICAL ENGINEERING DESIGN , 2026
